Forza Horizon 5 Manufacturers [July 2024] - Statistics

General Stats
  • This quiz has been taken 147 times
    108 since last reset
  • The average score is 56 of 134
Answer Stats
Countries Answer % Correct
Germany Audi
88%
USA Ford
84%
Germany BMW
82%
Italy Ferrari
82%
Italy Lamborghini
82%
France Bugatti
80%
USA Dodge
78%
Italy Abarth
76%
Japan Honda
76%
South Korea Hyundai
76%
Japan Nissan
76%
Japan Toyota
76%
Germany Volkswagen
76%
UK Aston Martin
75%
UK Bentley
75%
USA Chevrolet
75%
Germany Porsche
75%
Italy Alfa Romeo
73%
Sweden Koenigsegg
73%
Japan Lexus
73%
Germany Mercedes-Benz
73%
Italy Fiat
71%
Germany Mercedes-AMG
71%
Japan Subaru
67%
Sweden Volvo
67%
USA Jeep
65%
UK McLaren
65%
France Renault
65%
Denmark Zenvo
65%
USA Acura
63%
USA Cadillac
63%
Australia Holden
63%
South Korea Kia
63%
Japan Mitsubishi
63%
USA RAM
63%
France Citroën
61%
UK Jaguar
61%
Unknown AMG Transport Dynamics
59%
USA Buick
59%
USA Hennessey
59%
Italy Maserati
59%
Japan Mazda
59%
Italy Pagani
59%
France Alpine
57%
USA GMC
57%
UK Mini
57%
France Peugeot
57%
USA Pontiac
57%
UK Land Rover
55%
Italy Lancia
53%
UK Vauxhall
53%
USA AMC
51%
USA Hoonigan
51%
UK Lotus
51%
USA Shelby
49%
UK Ariel
47%
USA HUMMER
47%
Germany Opel
47%
Croatia Rimac
47%
UK Austin-Healey
43%
Germany Auto Union
43%
USA Lincoln
43%
UK MG
43%
Germany Apollo
41%
USA Formula Drift
41%
USA Mercury
41%
UK Peel
41%
USA Plymouth
41%
USA WILLYS
41%
Spain Cupra
39%
UK DeLorean
39%
UK Ascari
35%
USA Oldsmobile
35%
UK Caterham
33%
Japan Datsun
33%
USA Hot Wheels
33%
Australia HSV
33%
China NIO
33%
USA RAESR
31%
USA Saleen
31%
USA Eagle
27%
USA Infiniti
27%
UK Morgan
27%
USA Mosler
27%
UK Noble
27%
USA Rivian
27%
UK TVR
27%
China Wuling
27%
UK BAC
25%
Netherlands Donkervoort
25%
Austria KTM
25%
UK Morris
25%
UK Brabham
24%
France DS Automobiles
24%
USA International
24%
China Xpeng
24%
Italy ItalDesign
22%
Mexico VUHL
22%
UAE W Motors
22%
USA Alumi Craft
20%
Italy Automobili Pininfarina
20%
Japon Autozam
20%
Canada Can-Am
20%
USA Deberti
20%
USA Fast and Furious
20%
USA Polaris
20%
UK Radical
20%
UK Reliant
20%
UK Ultima
20%
Italy ATS
18%
USA Exomotive
18%
UK Lola
18%
UK Elemental
16%
France Extreme E
16%
UK Gordon Murray Automotive
16%
USA Meyers
16%
UK Napier
16%
USA Penhall
16%
Spain Spania GTA
16%
USA Czinger
14%
USA Forsberg Racing
14%
Sweden Lynk & Co
14%
USA Universal Studios
14%
USA Funco Motorsports
12%
UK Ginetta
12%
USA Jimco
12%
USA Local Motors
12%
USA Lucid
12%
Australia Schuppan
12%
USA RJ Anderson
10%
USA SIERRA Cars
10%
Australia HDT
8%
USA Casey Currie Motorsports
6%
USA Rossion
6%
No matching quizzes found
Score Distribution
Percent of People with Each Score
Percentile by Number Answered
Your Score History
You have not taken this quiz since the last reset